000 00567nam a2200193Ia 4500
003 GCL
008 140319s9999 xx 000 0 ara d
040 _aGCL /
_cGCL
082 0 4 _aط
_b252
_bع ا
100 1 _aعبدالتواب يوسف
245 1 0 _aاركان الاسلام /
_cعبدالتواب يوسف
260 _a[S.N] :
_bدار الكتاب المصرى
300 _aمتعدد
490 _aاركان الاسلام
_v0
650 0 4 _aالاطفال
650 0 4 _aقصص الاطفال
650 0 4 _aالقصص الدينية
942 _2ddc
_cBK
999 _c57169
_d57169